Los grandes filósofos hablan a los pequeños filósofos (Registro nro. 10782)

Detalles MARC
000 - LÍDER
campo de control de longitud fija 00777 a2200241 4500
003 - IDENTIFICADOR DE NÚMERO DE CONTROL
campo de control OSt
005 - FECHA Y HORA DE LA ÚLTIMA TRANSACCIÓN
campo de control 20210818181505.0
008 - ELEMENTOS DE DATOS DE LONGITUD FIJA - INFORMACIÓN GENERAL
campo de control de longitud fija 161025b xxu||||| |||| 00| 0 eng d
020 ## - INTERNATIONAL STANDARD BOOK NUMBER
International Standard Book Number 9789583043499
040 ## - FUENTE DE CATALOGACIÓN
Lenguaje de catalogación Español
041 ## - CÓDIGO DE LENGUAJE
Código de idioma de texto / pista de sonido o título separado spa
082 ## - NÚMERO DE CLASIFICACIÓN DECIMAL DEWEY
Número de clasificación 100
Número de artículo B685g
100 ## - ENTRADA PRINCIPAL - NOMBRE PERSONAL
9 (RLIN) 49242
Nombre de la persona Boizard, Sophie
245 ## - TÍTULO DECLARACIÓN
Título Los grandes filósofos hablan a los pequeños filósofos
Declaración de responsabilidad Sophie Boizard, ilustrador Laurent Audouin
260 ## - PUBLICACIÓN, DISTRIBUCIÓN
Lugar de publicación Bogotá
Nombre del editor Panamericana
Fecha de publicación 2014
300 ## - DESCRIPCIÓN FÍSICA
Alcance 72 páginas;
Dimensiones 23cm
Otros datos físicos Ilustraciones;
504 ## - BIBLIOGRAFÍA
Bibliografía Contiene bibliografía
650 #0 - ENTRADA DE SUJETO AÑADIDO - TÉRMINO TÓPICO
9 (RLIN) 15776
Término tópico o elemento de entrada del nombre geográfico Filosofia
650 #0 - ENTRADA DE SUJETO AÑADIDO - TÉRMINO TÓPICO
9 (RLIN) 49533
Término tópico o elemento de entrada del nombre geográfico Valores
Subdivisión general Filosofía
650 #0 - ENTRADA DE SUJETO AÑADIDO - TÉRMINO TÓPICO
9 (RLIN) 48375
Término tópico o elemento de entrada del nombre geográfico Valores Sociales
700 ## - ENTRADA AGREGADA - NOMBRE PERSONAL
9 (RLIN) 49243
Nombre de la persona Audouin,Laurent
942 ## - ELEMENTOS DE ENTRADA AGREGADOS (KOHA)
Fuente de clasificación o esquema de estanterías Dewey Decimal Classification
Parte de clasificación 100 B685g
Prefijo del número de llamada 100
Sufijo del número de llamada B685g
Existencias
Estado de retirada Pérdida de estatus Fuente de clasificación o esquema de estanterías Estado dañado No para préstamo Código de recogida Ubicación permanente Ubicación actual Ubicación de las estanterías Fecha de adquisición Total de Cajas Número Topográfico Código de barras Precio efectivo desde Número de copia Fecha de la última salida Fecha de la última vez que se vio Tipo de artículo Koha
    Dewey Decimal Classification     General Biblioteca Pública Departamental Comfamiliar Risaralda Biblioteca Pública Departamental Comfamiliar Risaralda Área General 25/10/2016 2 100 B685g 1000460 25/10/2016 Ej. 1 07/09/2018 07/02/2019 Libro